000 00401nam a22001577a 4500
003 CEME
005 20210628205124.0
008 210226b xxu||||| |||| 00| 0 eng d
020 _a0-8169-0423-5
040 _c.
082 _a660.24 GUI'D
245 _aGuidelines for techanical management of chemical process sfatey
260 _aNEWYORK
_bAICE
_c1989
300 _aXVIII, 169P
942 _cBK
_2ddc
999 _c579618
_d579618